Maldito legalismo (Record no. 29464)
[ view plain ]
| 000 -LEADER | |
|---|---|
| campo de control de longitud fija | 01149mm a2200349a 44500 |
| 001 - NÚMERO DE CONTROL | |
| campo de control | NM030157 |
| 003 - IDENTIFICADOR DE NÚMERO DE CONTROL | |
| campo de control | RG CODE MARC |
| 008 - DATOS DE LONGITUD FIJA--INFORMACIÓN GENERAL | |
| campo de control de longitud fija | 45020s2003 ||||||||||||||000 | spa|| |
| 005 - FECHA Y HORA DE LA ÚLTIMA TRANSACCIÓN | |
| campo de control | 20251028183344.0 |
| 020 ## - NÚMERO INTERNACIONAL ESTÁNDAR DEL LIBRO | |
| Número Internacional Estándar del Libro | 987-43-5987-0 |
| 040 ## - FUENTE DE CATALOGACIÓN | |
| Centro catalogador/agencia de origen | ORG CODE MARC |
| 100 ## - ENTRADA PRINCIPAL--NOMBRE DE PERSONA | |
| Nombre de persona | Soraire, Juan Alberto |
| 9 (RLIN) | 40990 |
| 245 ## - MENCIÓN DEL TÍTULO | |
| Título | Maldito legalismo |
| Resto del título | mi experiencia personal nunca debe ser la regla |
| Mención de responsabilidad, etc. | Juan Alberto Soraire |
| 250 ## - MENCION DE EDICION | |
| Mención de edición | 1ª ed. |
| 260 ## - PUBLICACIÓN, DISTRIBUCIÓN, ETC. | |
| Lugar de publicación, distribución, etc. | Buenos Aires |
| Nombre del editor, distribuidor, etc. | Los Elegidos |
| 300 ## - DESCRIPCIÓN FÍSICA | |
| Extensión | 166 p. |
| Otras características físicas | 21 cm. |
| 500 ## - NOTA GENERAL | |
| Nota general | Donación de Pablo Vernola, 2025 |
| 505 ## - NOTA DE CONTENIDO CON FORMATO | |
| Título | Cap. 1: La moral y la ética |
| 505 ## - NOTA DE CONTENIDO CON FORMATO | |
| Título | Cap. 2: La verdad absoluta |
| 505 ## - NOTA DE CONTENIDO CON FORMATO | |
| Título | Cap. 3: ¿Qué es pecado? En cuestiones de moral y ética |
| 505 ## - NOTA DE CONTENIDO CON FORMATO | |
| Título | Cap. 4: ¿El legalismo es un pecado? |
| 505 ## - NOTA DE CONTENIDO CON FORMATO | |
| Título | Cap. 5: El desequilibrio |
| 505 ## - NOTA DE CONTENIDO CON FORMATO | |
| Título | Cap. 6: Fuertes y débiles |
| 505 ## - NOTA DE CONTENIDO CON FORMATO | |
| Título | Cap. 7: Manipulación |
| 505 ## - NOTA DE CONTENIDO CON FORMATO | |
| Título | Cap. 8: Socorro, necesito un legalista |
| 505 ## - NOTA DE CONTENIDO CON FORMATO | |
| Título | Cap. 9: La música |
| 505 ## - NOTA DE CONTENIDO CON FORMATO | |
| Título | Cap. 10: El baile |
| 505 ## - NOTA DE CONTENIDO CON FORMATO | |
| Título | Cap. 11-12: Noviazgo y algo más |
| 505 ## - NOTA DE CONTENIDO CON FORMATO | |
| Título | Cap. 13: El riachuelo libre |
| 505 ## - NOTA DE CONTENIDO CON FORMATO | |
| Título | Cap. 14: La vacuna |
| 942 ## - ELEMENTOS DE ENTRADA SECUNDARIOS (KOHA) | |
| Tipo de ítem Koha | Colección General |
| Estatus retirado | Estado de pérdida | Estado de daño | No para préstamo | Biblioteca de origen | Biblioteca actual | Fecha de adquisición | Total de préstamos | Código de barras | Visto por última vez | Precio de reemplazo | Tipo de ítem Koha |
|---|---|---|---|---|---|---|---|---|---|---|---|
| Biblioteca Pluis | Biblioteca Pluis | 28/10/2025 | 047020 | 28/10/2025 | 28/10/2025 | Colección General |
